|
|
|
|
| LEADER |
02873cam a2200709 i 4500 |
| 001 |
nkc20172919707 |
| 003 |
CZ PrNK |
| 005 |
20171019131608.0 |
| 007 |
ta |
| 008 |
170626s2017 xr ah f c 000 0 cze d |
| 015 |
|
|
|a cnb002919707
|
| 020 |
|
|
|a 978-80-87799-65-9
|q (vázáno)
|
| 035 |
|
|
|a (OCoLC)1011116672
|
| 040 |
|
|
|a OSA001
|b cze
|d ABA001
|e rda
|
| 043 |
|
|
|a x------
|a e-xr---
|b e-xr-pg
|2 czenas
|
| 045 |
|
|
|a x1x1
|
| 072 |
|
7 |
|a 32
|x Politika
|2 Konspekt
|9 15
|
| 080 |
|
|
|a 930.253
|2 MRF
|
| 080 |
|
|
|a 659.133.1:355
|2 MRF
|
| 080 |
|
|
|a 323.23:355.2
|2 MRF
|
| 080 |
|
|
|a 355.48(100)"1914/1918"
|2 MRF
|
| 080 |
|
|
|a (437.311)
|2 MRF
|
| 080 |
|
|
|a (100)
|2 MRF
|
| 080 |
|
|
|a (048.8)
|2 MRF
|
| 080 |
|
|
|a (083.824)
|2 MRF
|
| 100 |
1 |
|
|a Török, Jan
|7 jo2017965931
|4 aut
|
| 245 |
1 |
0 |
|a Válečné plakáty 1914-1918 /
|c Jan Török, Adam Hnojil
|
| 250 |
|
|
|a Vydání první
|
| 264 |
|
1 |
|a Hluboká nad Vltavou :
|b Alšova jihočeská galerie,
|c 2017
|
| 300 |
|
|
|a 317 stran :
|b ilustrace (převážně barevné), faksimile ;
|c 26 cm
|
| 336 |
|
|
|a text
|b txt
|2 rdacontent
|
| 336 |
|
|
|a statický obraz
|b sti
|2 rdacontent
|
| 337 |
|
|
|a bez média
|b n
|2 rdamedia
|
| 338 |
|
|
|a svazek
|b nc
|2 rdacarrier
|
| 500 |
|
|
|a Obálkový podnázev: zbraň z barev a papíru
|
| 500 |
|
|
|a Vydáno u příležitosti stejnojmenné výstavy v Alšově jihočeské galerii, Zámecká jízdárna, Hluboká nad Vltavou, 14.5.-1.10.2017
|
| 500 |
|
|
|a Dostupné též v digitální podobě v aplikaci Kramerius
|
| 610 |
2 |
7 |
|a Vojenský historický archiv
|7 ko2006325557
|2 czenas
|
| 648 |
|
7 |
|a 1914-1918
|7 ch460644
|2 czenas
|
| 650 |
0 |
7 |
|a archivní fondy
|7 ph118590
|z Česko
|2 czenas
|
| 650 |
0 |
7 |
|a vojenské plakáty
|7 ph349197
|z země světa
|y 1914-1918
|2 czenas
|
| 650 |
0 |
7 |
|a válečná propaganda
|7 ph137014
|y 1914-1918
|2 czenas
|
| 650 |
0 |
7 |
|a první světová válka (1914-1918)
|7 ph126327
|2 czenas
|
| 650 |
0 |
9 |
|a archives
|z Czechia
|2 eczenas
|
| 650 |
0 |
9 |
|a military posters
|z countries of the world
|y 1914-1918
|2 eczenas
|
| 650 |
0 |
9 |
|a war propaganda
|y 1914-1918
|2 eczenas
|
| 650 |
0 |
9 |
|a World War (1914-1918)
|2 eczenas
|
| 651 |
|
7 |
|a Praha (Česko)
|7 ge118011
|2 czenas
|
| 651 |
|
9 |
|a Prague (Czechia)
|2 eczenas
|
| 655 |
|
7 |
|a monografie
|7 fd132842
|2 czenas
|
| 655 |
|
7 |
|a katalogy výstav
|7 fd132536
|2 czenas
|
| 655 |
|
9 |
|a monographs
|2 eczenas
|
| 655 |
|
9 |
|a exhibition catalogs
|2 eczenas
|
| 700 |
1 |
|
|a Hnojil, Adam,
|d 1976-
|7 mzk2004258545
|4 aut
|
| 710 |
2 |
|
|a Alšova jihočeská galerie (Hluboká nad Vltavou, Česko)
|7 kn20010724031
|4 orm
|4 isb
|
| 856 |
4 |
1 |
|u http://www.digitalniknihovna.cz/mzk/uuid/uuid:074c1430-1230-11ed-8dc2-5ef3fc9bb22f
|y Digitalizovaný dokument
|x NDK
|
| 910 |
2 |
|
|a BOA001
|b 3-1394.595
|
| 920 |
|
|
|a 000716725
|z OSA001
|
| 990 |
|
|
|a BK
|
| 995 |
|
|
|a 01
|
| 991 |
|
|
|b 201710
|c NOV
|
| 996 |
6 |
|
|b 2610720470
|c 3-1394.595
|l MZK
|r Sklad / do 1 hodiny
|n 2
|p p.v.
|w 001631939
|u 000010
|a 1
|e BOA001
|j MZK50
|s P
|